[Event "Olympiad Women-29"]
[Site "Novi Sad"]
[Date "1990.11.26"]
[Round "9"]
[White "Koskela, Niina"]
[Black "Gerelmaa, Ulziybat"]
[Result "1/2-1/2"]
[WhiteElo "2105"]
[BlackElo "2095"]
[PlyCount "171"]
[EventDate "1990.11.17"]
[EventType "team-swiss"]
[EventRounds "14"]
[EventCountry "YUG"]
[SourceTitle "EXT 2019"]
[Source "ChessBase"]
[SourceDate "2018.10.10"]
[SourceVersion "1"]
[SourceVersionDate "2018.10.10"]
[SourceQuality "1"]
[WhiteTeam "Finland (W)"]
[BlackTeam "Mongolia (W)"]
[WhiteTeamCountry "FIN"]
[BlackTeamCountry "MGL"]

1. e4 c5 2. Nc3 Nc6 3. g3 Nf6 4. Bg2 g6 5. d3 Bg7 6. Nge2 0-0 7. 0-0 Rb8 8. f4 d6 9. h3 Bd7 10. g4 b5 11. Ng3 Nd4 12. Nce2 Bc6 13. Be3 Nd7 14. Rb1 Qa5 15. a3 Qa4 16. Nxd4 cxd4 17. Bd2 Rfc8 18. h4 Ba8 19. Rc1 Rc7 20. Rf2 Rbc8 21. Bb4 Nc5 22. Ra1 Qa6 23. h5 Qb6 24. hxg6 hxg6 25. g5 a5 26. Be1 Na4 27. b3 Nc5 28. Bh3 Rb8 29. f5 d5 30. fxg6 fxg6 31. Bxa5 Qxa5 32. b4 Qa6 33. bxc5 dxe4 34. Qg4 Be5 35. Nxe4 Bxe4 36. Qxe4 Rxc5 37. Raf1 Qc6 38. Qh4 Qd6 39. Qe4 Qc6 40. Qg4 Qd5 41. Bg2 Qd6 42. Be4 Rbc8 43. Rf7 Rxc2 44. Qh3 Bg7 45. R7f4 R8c5 46. Qh4 Qe5 47. Rg4 Qe6 48. Rg3 Rc1 49. Rgf3 Rxf1+ 50. Kxf1 Rc1+ 51. Kg2 Rc2+ 52. Rf2 Rc5 53. Rf3 Qe5 54. Bxg6 Qxg5+ 55. Qg3 Qxg3+ 56. Rxg3 Rc3 57. Rg5 e5 58. Kf3 Rxa3 59. Ke4 Ra6 60. Rg1 Rd6 61. Bh5 b4 62. Rb1 Rb6 63. Bd1 Kf7 64. Bb3+ Ke7 65. Kd5 Kd7 66. Ra1 Rb5+ 67. Ke4 Kd6 68. Ra6+ Kc5 69. Ra7 Bh6 70. Rd7 Bf4 71. Rd5+ Kb6 72. Rxb5+ Kxb5 73. Kd5 Bh2 74. Ke4 Kc5 75. Kf3 Kd6 76. Ke2 Ke7 77. Bd5 Kd6 78. Bb3 Bf4 79. Kf3 Ke7 80. Bd5 Kf6 81. Ke2 Kg5 82. Kd1 e4 83. Bxe4 b3 84. Bd5 b2 85. Kc2 Bc1 86. Kb1 1/2-1/2

[Event "Olympiad Women-29"]
[Site "Novi Sad"]
[Date "1990.11.25"]
[Round "8"]
[White "Gerelmaa, Ulziybat"]
[Black "Kondou, Eva"]
[Result "0-1"]
[WhiteElo "2095"]
[BlackElo "2160"]
[PlyCount "84"]
[EventDate "1990.11.17"]
[EventType "team-swiss"]
[EventRounds "14"]
[EventCountry "YUG"]
[SourceTitle "EXT 2019"]
[Source "ChessBase"]
[SourceDate "2018.10.10"]
[SourceVersion "1"]
[SourceVersionDate "2018.10.10"]
[SourceQuality "1"]
[WhiteTeam "Mongolia (W)"]
[BlackTeam "Greece (W)"]
[WhiteTeamCountry "MGL"]
[BlackTeamCountry "GRE"]

1. e4 c5 2. Nf3 Nc6 3. d4 cxd4 4. Nxd4 g6 5. Be3 Nf6 6. Nc3 Bg7 7. f3 0-0 8. Qd2 d5 9. 0-0-0 dxe4 10. Nxc6 Qxd2+ 11. Bxd2 bxc6 12. Nxe4 Nxe4 13. fxe4 Bg4 14. Re1 Rfd8 15. Ba5 Rd4 16. b3 Bh6+ 17. Kb2 Bd2 18. Bxd2 Rxd2 19. Rg1 Rad8 20. Kc3 c5 21. Bd3 Rf2 22. Ref1 Rxf1 23. Rxf1 Bc8 24. Bc4 e6 25. Rf3 Kf8 26. Rd3 Rxd3+ 27. Bxd3 Ke7 28. e5 Bb7 29. Kc4 Bxg2 30. Kxc5 h5 31. c4 g5 32. Kd4 f5 33. exf6+ Kxf6 34. Be4 e5+ 35. Kd3 Bxe4+ 36. Kxe4 g4 37. c5 h4 38. b4 Ke6 39. a4 h3 40. b5 g3 41. hxg3 h2 42. c6 h1Q+ 0-1

[Event "Olympiad Women-29"]
[Site "Novi Sad"]
[Date "1990.11.23"]
[Round "6"]
[White "Gerelmaa, Ulziybat"]
[Black "Arribas Robaina, Maritza"]
[Result "1-0"]
[WhiteElo "2095"]
[BlackElo "2165"]
[PlyCount "113"]
[EventDate "1990.11.17"]
[EventType "team-swiss"]
[EventRounds "14"]
[EventCountry "YUG"]
[SourceTitle "EXT 2019"]
[Source "ChessBase"]
[SourceDate "2018.10.10"]
[SourceVersion "1"]
[SourceVersionDate "2018.10.10"]
[SourceQuality "1"]
[WhiteTeam "Mongolia (W)"]
[BlackTeam "Cuba (W)"]
[WhiteTeamCountry "MGL"]
[BlackTeamCountry "CUB"]

1. e4 d5 2. exd5 Qxd5 3. Nc3 Qa5 4. Nf3 Nf6 5. Be2 Bg4 6. d4 e6 7. 0-0 Nc6 8. a3 Rd8 9. Be3 Qf5 10. h3 h5 11. Nh4 Bxe2 12. Qxe2 Qh7 13. Rad1 a6 14. Rfe1 Be7 15. d5 exd5 16. Bc5 Rd7 17. Qf3 0-0 18. Nxd5 Nxd5 19. Rxd5 Rxd5 20. Qxd5 Bxc5 21. Qxc5 g6 22. Qg5 Qg7 23. c3 Rd8 24. f4 Kh7 25. f5 Rd6 26. Re8 Qf6 27. Qxf6 Rxf6 28. Rc8 g5 29. Nf3 Rxf5 30. Rxc7 Rb5 31. b4 Kg6 32. a4 Rb6 33. a5 Rb5 34. Nd2 Rd5 35. Ne4 Rd3 36. Rxb7 Kf5 37. Nc5 Rxc3 38. Nxa6 f6 39. Rc7 Rc4 40. Kf2 Rf4+ 41. Ke3 Nxb4 42. Rc5+ Ke6 43. Nb8 Kd6 44. Rc1 Nd5+ 45. Kd3 Ra4 46. Rc6+ Ke5 47. Nd7+ Kf5 48. Rc5 Ke6 49. Rxd5 Ra3+ 50. Kc4 Ra4+ 51. Kb3 Ra1 52. Nb6 f5 53. Kb2 Rg1 54. Rd2 f4 55. a6 g4 56. a7 gxh3 57. gxh3 1-0